000 01160nam0a2200313 i 4500
001 RU\NLR\BIBL_A\011315514
005 20240921205717.0
010 _a9785000304037
021 _aRU
_b2016-98535
_96553
035 _a(NLR Aleph) 011315514
090 _a11046222
_c11046222
100 _a20170125d2017 u y0rusy50 ca
101 0 _arus
102 _aRU
105 _aa|||z|||001zy
200 1 _aАлгоритмы диагностики
_e[краткое руководство]
_fС.С. Вялов
205 _a7-е изд.
210 _aМосква
_cМЕДпресс-информ
_d2017
_d[т. е. 2016]
215 _a127 с.
_d14
300 _aКн. фактически изд. в 2016 г.
320 _aБиблиогр.: с. 123-124
320 _aАлф. указ.: с. 125-127
606 1 _aДиагностика
_jРуководства, пособия и т.п
_9904086
_3RU\NLR\AUTH\669193
686 1 _aР34я7
700 1 _aВялов
_bС. С.
_cканд. мед. наук
_gСергей Сергеевич
_9151365
_3RU\NLR\AUTH\770151403
942 _cBOOK
980 _aNBR